Analytical dynamics of discrete systems
Αποθηκεύτηκε σε:
| Κύριος συγγραφέας: | |
|---|---|
| Μορφή: | Βιβλίο |
| Γλώσσα: | English |
| Δημοσίευση: |
New York :
Plenum Press,
c1977
|
| Σειρά: | Mathematical concepts and methods in science and engineering ;
; 4 |
| Θέματα: | |
| Ετικέτες: |
Προσθήκη ετικέτας
Δεν υπάρχουν, Καταχωρήστε ετικέτα πρώτοι!
|
MARC
| LEADER | 00000cam a2200000 i 4500 | ||
|---|---|---|---|
| 001 | 1/29179 | ||
| 008 | 941103s1977 eng d | ||
| 020 | |a 0306310147 | ||
| 035 | |l 10038257 | ||
| 040 | |a GR-MY-UA |b gre |e aacr | ||
| 041 | 0 | |a eng | |
| 082 | 0 | |a 531.1101515 | |
| 100 | 1 | |a Rosenberg, Reinhardt Mathias. | |
| 245 | 1 | 0 | |a Analytical dynamics of discrete systems / |c Reinhardt M. Rosenberg |
| 260 | |a New York : |b Plenum Press, |c c1977 | ||
| 300 | |a xvii, 424 p.; |b ill.; |c 24 cm. | ||
| 490 | 1 | |a Mathematical concepts and methods in science and engineering |v ; 4 | |
| 500 | |a Bibliography: p. 415 | ||
| 500 | |a Includes index | ||
| 650 | 0 | 0 | |a Dynamics. |
| 830 | 0 | |a Mathematical concepts and methods in science and engineering ; |v ; 4 | |
| 852 | |a INST |b SAMOS |e 19941103 |h 531.110151 ROS |p 005300000765 |q 005300000765 |t BK |y 0 | ||
| 909 | |a Σ |b 009577 | ||